A Revision of Demand Theory /

Gorde:
Xehetasun bibliografikoak
Egile nagusia: Hicks, John Richard (autor)
Formatua: Liburua
Hizkuntza:ingelesa
Argitaratua: Londres, Inglaterra : Oxford University, 1956
Gaiak:
Etiketak: Etiketa erantsi
Etiketarik gabe, Izan zaitez lehena erregistro honi etiketa jartzen!

MARC

LEADER 00000nam^a2200000^a^4500
001 000024509
005 20250521000000.0
009 20260310084615.099
037 |a Acervo ITESO - Biblioteca 
041 |a ING 
082 |a 330. 18  |b HIC 
100 |a Hicks, John Richard  |e (autor) 
245 1 2 |a A Revision of Demand Theory /  |c J.R. Hicks. 
264 1 |a Londres, Inglaterra :  |b Oxford University,  |c 1956 
300 |a 196 p. 
336 |a texto  |b txt  |2 rdacontenido 
337 |a sin mediación  |b n  |2 rdamedio 
338 |a volumen  |b nc  |2 rdasoporte 
649 |a XX 
650 |a Economía -  |x Teoría 
650 |a Oferta y Demanda -  |x Teoría 
910 |a Fondo General 
920 |a Impresos - Libros 
930 |a Colección General 
905 |a 101 
901 |a 0245090100  |b IT1  |c ACC  |i 024509  |u 20250521 
902 |a https://opac.biblio.iteso.mx/vufind/Record/000024509